রঙ্গমঞ্চ ও রবীন্দ্রনাথ : (Record no. 44199)
[ view plain ]
| 000 -LEADER | |
|---|---|
| fixed length control field | 01136nam a2200241 a 4500 |
| 001 - CONTROL NUMBER | |
| control field | 44199 |
| 003 - CONTROL NUMBER IDENTIFIER | |
| rucl marc code | BD-RjUL |
| 005 - DATE AND TIME OF LATEST TRANSACTION | |
| control field | 20211209053820.0 |
| 008 - FIXED-LENGTH DATA ELEMENTS--GENERAL INFORMATION | |
| fixed length control field | 160714b1995 bg a|||| |||| 00| 0 ben d |
| 020 ## - INTERNATIONAL STANDARD BOOK NUMBER | |
| International Standard Book Number | 8172154526 |
| Terms of availability | 75.00 |
| 035 ## - SYSTEM CONTROL NUMBER | |
| System control number | (BD-RjUL)44317 |
| 040 ## - CATALOGING SOURCE | |
| Original cataloging agency | BD-RjUL |
| Language of cataloging | ben |
| Transcribing agency | BD-RjUL |
| 041 ## - LANGUAGE CODE | |
| Language code of text/sound track or separate title | ben |
| 082 ## - DEWEY DECIMAL CLASSIFICATION NUMBER | |
| Edition number | 23 |
| Classification number | 891.4414 |
| Author mark and year | CHR 1995 |
| 100 1# - MAIN ENTRY--PERSONAL NAME | |
| Personal name | চক্রবর্তী, রুদ্রপ্রসাদ |
| 9 (RLIN) | 135715 |
| 245 1# - TITLE STATEMENT | |
| Title | রঙ্গমঞ্চ ও রবীন্দ্রনাথ : |
| Remainder of title | সমকালীন প্রতিক্রিয়া / |
| Statement of responsibility, etc. | রুদ্রপ্রসাদ চক্রবর্তী |
| 260 ## - PUBLICATION, DISTRIBUTION, ETC. (IMPRINT) | |
| Place of publication, distribution, etc. | আনন্দ পাবলিশাস প্রাইভেট লিমিটেড : |
| Name of publisher, distributor, etc. | কলকাতা ৯, |
| Date of publication, distribution, etc. | ১৯৯৫ |
| 300 ## - PHYSICAL DESCRIPTION | |
| Pagination | ৩৩৪ পৃ. |
| Illustrations | চিএ, |
| Size | ২২ সেমি. |
| 504 ## - BIBLIOGRAPHY, ETC. NOTE | |
| Bibliography, etc | উল্লেখপঞ্জী |
| 600 ## - SUBJECT ADDED ENTRY--PERSONAL NAME | |
| Personal name | ঠাকুর, রীন্দ্রনাথ |
| Dates associated with a name | ১৮৬১-১৯৪১ |
| General subdivision | নাটকীয় উৎপাদন |
| Personal name | Tagore, Rabindranath |
| Dates associated with a name | 1861-1941 |
| General subdivision | Dramatic production |
| 942 ## - ADDED ENTRY ELEMENTS (KOHA) | |
| Source of classification or shelving scheme | Dewey Decimal Classification |
| Koha item type | Books |
| Lost status | Source of classification or shelving scheme | Damaged status | Not for loan | Collection code | Permanent Location | Current Location | Shelving location | Date acquired | Source of acquisition | Total Checkouts | Full call number | Date last seen | Copy number | Koha item type |
|---|---|---|---|---|---|---|---|---|---|---|---|---|---|---|
| Dewey Decimal Classification | Non-fiction | Central Library, University of Rajshahi | Central Library, University of Rajshahi | 05/07/2000 | N/A | B 891.4414 CHR 1995 | 14/07/2016 | C-2 | Books |